000 00508nam a2200181Ia 4500
005 20250508150956.0
008 008 250505s9999 xx 000 0 eng d
037 _aTextual
040 _aFEDL
_beng
_cFEDL
041 _aeng
_2eng
084 _a598.2, MAS
_qFEDL
100 _aMason C Russell
_9758098
245 0 _aPicture primer of attracting birds
260 _aBoston, USA
_bHoughton Mifflin Company
_c1952
300 _a30p
942 _cTEXL
_h598.2, MAS
999 _c1326837
_d1326837